Geología y paleontología (Dinosaurios) de las Capas Rojas de Morella (Castellón, España) / por J. Vte. Santafé ... [et al.]
Publicado:
Castellón :
Diputación Provincial de Castellón ; Barcelona : Diputació de Barcelona ,
1982
Descripción Física:
169 p. : il., [1] p. pleg. ; 24 cm
Otros Autores:
Santafè i Llopis, Josep-Vicenç
MARC
| LEADER | 00000nam a2200000Ia 4500 | ||
|---|---|---|---|
| 001 | 2173 | ||
| 008 | 160829s1982 xx 000 0 cat d | ||
| 080 | |a C-1-211 | ||
| 245 | |a Geología y paleontología (Dinosaurios) de las Capas Rojas de Morella (Castellón, España) / por J. Vte. Santafé ... [et al.] | ||
| 260 | |a Castellón : |b Diputación Provincial de Castellón ; Barcelona : |b Diputació de Barcelona, |c 1982 | ||
| 300 | |a 169 p. : |b il., [1] p. pleg. ; |c 24 cm | ||
| 650 | |a Geologia |x Morella |9 30720 | ||
| 650 | |a Paleontologia |x Morella |9 30721 | ||
| 700 | |a Santafè i Llopis, Josep-Vicenç |9 34757 | ||
| 710 | 1 | |a Castelló de la Plana (País Valencià : Província). |b Diputació |9 53762 | |
| 710 | 1 | |a Barcelona (Catalunya : Província). |b Diputació |9 52408 | |
| 901 | |a Arxiu | ||
| 942 | |n 1 | ||
| 952 | |0 0 |1 0 |4 0 |6 C1211 |7 1 |9 45499 |a Arxiu |b Arxiu |d 2016-12-01 |l 0 |o C-1-211 |p 2173 |r 2016-12-01 00:00:00 |w 2016-12-01 |y ARXIU | ||
| 999 | |c 48664 |d 48664 | ||